00591 2200229 4500001002100000005001500021035002000036007000300056008004100059020002200100082001200122084001800134100001300152245008000165250001000245260002800255300002600283650001900309700001100328990001100339990001100350INLIS00000000000400820190821105515 a0010-0819000151ta190821 g 1 ind  a978-602-98549-3-0 a398.209 a398.209 DAR p0 aDARYANTO1 aPanembahan Senapati :bSang Penguasa Tanah Jawa /cDaryanto; editor, Sukini acet.1 aSolo :bMetamind,c2011 ax, 602 hlm. ;c20 cm. 4aFIKSI. SEJARAH0 aSUKINI a6087 a a6087 b